=LDR 00000nam 2200000 4500 =001 $a INLIS000000000008528 =005 $a 20260625145116 =008 $a 260625################g##########0#ind## =022 ##$$a 978-979-27-9709-1 =035 ##$$a 0010-0626000155 =082 ##$$a 004.678 =084 ##$$a 004.678 SUK =110 #$$a - =245 ##$$a Sukses berbisnis online dropshipping $b - $c dotCommunity ; editor, Whindy Yoevestian =246 ##$$a =260 ##$$a Jakarta $b PT. Elex Media Komputindo $c 2011 =300 ##$$a viii, 97 halaman $b ilus $c 21 cm $d =336 ##$$a =337 ##$$a =338 ##$$a =520 #$$a =650 #$$a Internet =650 #$$a Perdagangan elektronis =700 #$$a Whindy Yoevestian (editor) =740 ##$$a =856 ##$$a =Wor $a 1